Rural prosperity through warehousing (Record no. 530613)

000 -LEADER
fixed length control field 01035nam a22001337a 4500
008 - FIXED-LENGTH DATA ELEMENTS--GENERAL INFORMATION
fixed length control field 250625b ||||| |||| 00| 0 eng d
100 ## - MAIN ENTRY--PERSONAL NAME
Personal name Praveen, Anita
245 ## - TITLE STATEMENT
Title Rural prosperity through warehousing
260 ## - PUBLICATION, DISTRIBUTION, ETC. (IMPRINT)
Place of publication, distribution, etc Yojana
300 ## - PHYSICAL DESCRIPTION
Extent 69(6), Jun, 2025: p.27-30
520 ## - SUMMARY, ETC.
Summary, etc Despite multifold growth in Kisan Credit Cards, post- harvest finance has not seen a commensurate increase, as banks and financial institutions hesitate to expand exposure to pledged loans. Meanwhile, a mismatch between production and storage capacity exists, with India's total installed agri warehousing capacity at 239.70 MMT, against a food grain production of 328.85 MMT (NABARD study). Addressing these gaps, the Government of India launched initiatives like AIF(Rs 1 lakh crore) and CGS-NPF(Rs 1000 crores) to enhance warehousing infrastructure and boost post-harvest credit, ensuring stability in agricultural pricing and rural prosperity. - Reproduced
650 ## - SUBJECT ADDED ENTRY--TOPICAL TERM
Topical term or geographic name as entry element werehouse, food grain production, economic impact
9 (RLIN) 54786
942 ## - ADDED ENTRY ELEMENTS (KOHA)
Item type Articles
Holdings
Withdrawn status Lost status Source of classification or shelving scheme Damaged status Not for loan Permanent location Current location Date acquired Barcode Date last seen Koha item type
          Indian Institute of Public Administration Indian Institute of Public Administration 2025-06-25 AR136405 2025-06-25 Articles

Powered by Koha